| 000 | 00316nam a2200109 4500 | ||
|---|---|---|---|
| 999 |
_c12224 _d12224 |
||
| 008 | 190118b ||||| |||| 00| 0 eng d | ||
| 245 |
_aBetter healthcare: _bDOPMC's new CT scan now serves patients. |
||
| 260 |
_aDavao City _bSun Star Davao _cc2018 |
||
| 300 | _apage 11. | ||
| 650 | 0 |
_934586 _aHealth. |
|
| 942 |
_2ddc _cPER |
||